[Event "Championnat de Paris Open A"]
[Site "Paris"]
[Date "2012.07.11"]
[Round "5.80"]
[White "Doebele, Victor"]
[Black "Ek, Alexandre"]
[Result "0-1"]
[WhiteElo "1998"]
[BlackElo "1896"]
[PlyCount "98"]
[EventDate "2012.??.??"]

1. Nf3 Nf6 2. g3 g6 3. b3 Bg7 4. Bb2 c5 5. Bg2 d5 6. O-O O-O 7. c4 d4 8. b4 Qb6
9. Qb3 Nfd7 10. d3 cxb4 11. a3 Nc6 12. axb4 Nc5 13. Qd1 Qxb4 14. Ba3 Qb6 15.
Nbd2 Re8 16. Qc2 a5 17. Rfb1 Qa7 18. Rb5 Ne6 19. Ne4 Nc7 20. Rb2 Na6 21. Rb5
Bd7 22. Rbb1 f5 23. Ned2 h6 24. Qd1 e5 25. Nh4 g5 26. Bd5+ Kh8 27. Ng2 Be6 28.
Bxe6 Rxe6 29. h4 e4 30. Rb5 e3 31. Nb3 exf2+ 32. Kxf2 f4 33. gxf4 gxf4 34. Nxa5
Nxa5 35. Rxa5 Rae8 36. Rd5 Rxe2+ 37. Qxe2 Rxe2+ 38. Kxe2 Nb4 39. Bxb4 Qxa1 40.
Nxf4 Qg1 41. Bd2 Qg4+ 42. Kf1 Qd1+ 43. Be1 Qf3+ 44. Bf2 Qxf4 45. Rd8+ Kh7 46.
Rd7 Qf3 47. Ke1 Qxd3 48. c5 Qc3+ 49. Kf1 Qh3+ 0-1

[Event "Championnat de Paris Open A"]
[Site "Paris"]
[Date "2012.07.11"]
[Round "5.81"]
[White "Ponchel, Claude"]
[Black "Sowa, Marcin"]
[Result "0-1"]
[WhiteElo "1893"]
[BlackElo "1974"]
[PlyCount "86"]
[EventDate "2012.??.??"]

1. d4 Nf6 2. Nc3 d5 3. Bf4 Bf5 4. e3 e6 5. Nf3 Be7 6. Be2 O-O 7. Ne5 c5 8. g4
Be4 9. f3 cxd4 10. exd4 Bg6 11. Qd2 Nc6 12. O-O-O Qa5 13. h4 h5 14. Nxg6 fxg6
15. Qe3 Bb4 16. Rd3 Rfe8 17. Be5 Nd7 18. f4 Nb6 19. Bc7 Rac8 20. Bxb6 axb6 21.
gxh5 b5 22. h6 Bxc3 23. Rxc3 b4 24. Rc5 Qxa2 25. Rd1 b6 26. Rxc6 Rxc6 27. Bb5
Rec8 28. Bxc6 Rxc6 29. Qd3 b3 30. c3 Qa1+ 31. Qb1 Qxb1+ 32. Kxb1 gxh6 33. Rg1
Kf7 34. Kc1 b5 35. Kb1 Kf6 36. Rg2 Kf5 37. Rg1 Rc7 38. Kc1 b4 39. Kd2 Rc6 40.
Kd3 bxc3 41. bxc3 Rb6 42. c4 b2 43. Rb1 Rb3+ 0-1

[Event "Championnat de Paris Open A"]
[Site "Paris"]
[Date "2012.07.11"]
[Round "5.82"]
[White "Cozette, Michael"]
[Black "Zaky, Tamir"]
[Result "0-1"]
[WhiteElo "1968"]
[BlackElo "1888"]
[PlyCount "59"]
[EventDate "2012.??.??"]

1. e4 c5 2. c3 Nf6 3. e5 Nd5 4. d4 cxd4 5. cxd4 d6 6. Nf3 Nc6 7. Bc4 e6 8. O-O
Be7 9. Qe2 O-O 10. a3 a6 11. Nbd2 dxe5 12. dxe5 Nf4 13. Qe4 Ng6 14. Rb1 Qc7 15.
Re1 b5 16. Ba2 Bb7 17. Qc2 Rac8 18. b4 Rfd8 19. Nb3 Ncxe5 20. Qxc7 Nxf3+ 21.
gxf3 Rxc7 22. Be3 Rc2 23. Ra1 Nh4 24. Rec1 Nxf3+ 25. Kf1 Nxh2+ 26. Kg1 Nf3+ 27.
Kf1 Rdc8 28. Bc5 Rxc1+ 29. Rxc1 Bg5 30. Rd1 0-1

[Event "Championnat de Paris Open A"]
[Site "Paris"]
[Date "2012.07.11"]
[Round "5.83"]
[White "Dag, Bekhir"]
[Black "Gauthier, Arnaud"]
[Result "0-1"]
[WhiteElo "1886"]
[BlackElo "1964"]
[PlyCount "70"]
[EventDate "2012.??.??"]

1. Nf3 Nf6 2. d4 g6 3. c4 Bg7 4. Nc3 O-O 5. Bg5 d6 6. e3 c5 7. Be2 h6 8. Bf4
Nh5 9. Bg3 Qa5 10. Qb3 a6 11. O-O Nxg3 12. hxg3 Nc6 13. Rad1 Rb8 14. Rd2 Bg4
15. dxc5 Qxc5 16. Rd5 Qa7 17. a3 Be6 18. Rd2 b5 19. Nd5 Na5 20. Qc2 bxc4 21.
Bxc4 Nxc4 22. Qxc4 Rxb2 23. Rxb2 Bxb2 24. e4 Rc8 25. Qd3 Bxd5 26. Qxd5 Bxa3 27.
Nh4 Kg7 28. Qb3 Bc5 29. Kh2 Bd4 30. f4 Rc3 31. Qa4 Bf6 32. Qe8 Bxh4 33. gxh4
Qb7 34. e5 Rc2 35. Rf3 Qxf3 0-1

[Event "Championnat de Paris Open A"]
[Site "Paris"]
[Date "2012.07.11"]
[Round "5.84"]
[White "Renouard, Ludovic"]
[Black "Le Ray, Olivier"]
[Result "1/2-1/2"]
[WhiteElo "1886"]
[BlackElo "1951"]
[PlyCount "107"]
[EventDate "2012.??.??"]

1. d4 Nf6 2. Nf3 g6 3. Bf4 Bg7 4. e3 c5 5. c3 cxd4 6. cxd4 O-O 7. Bd3 Qb6 8.
Qe2 Nc6 9. h3 Nb4 10. O-O Nxd3 11. Qxd3 Qxb2 12. Nc3 Qb6 13. Rab1 Qd8 14. d5 d6
15. Rbc1 b6 16. e4 Nd7 17. Qe3 Ba6 18. Rfe1 Nc5 19. Red1 Rc8 20. Bh6 Qd7 21.
Bxg7 Kxg7 22. e5 h6 23. Rd4 f5 24. e6 Qe8 25. Rcd1 Rb8 26. Rh4 Rh8 27. Qd4+ Kg8
28. Ng5 Qf8 29. Nf7 Rh7 30. Re1 Qg7 31. Qd2 g5 32. Rd4 Qf6 33. Nd1 Ne4 34. Qb4
Bb7 35. Ne3 Rc8 36. Rc4 Rxc4 37. Qxc4 Nc5 38. g4 f4 39. Nf5 Ba6 40. Qd4 Qxd4
41. Nxd4 Bc4 42. Nf5 Kf8 43. N7xd6 Bxd5 44. Nb5 Bxe6 45. Nfd4 Bc4 46. Nc3 Nd3
47. Rd1 e5 48. Nf3 Re7 49. Ne4 Bd5 50. Rxd3 Bxe4 51. Rd8+ Kf7 52. Nd2 Bc6 53.
Nc4 Ke6 54. Rd6+ 1/2-1/2

[Event "Championnat de Paris Open A"]
[Site "Paris"]
[Date "2012.07.11"]
[Round "5.85"]
[White "Jamain, Florian"]
[Black "Marchand, Andre"]
[Result "1/2-1/2"]
[WhiteElo "1883"]
[BlackElo "1944"]
[PlyCount "50"]
[EventDate "2012.??.??"]

1. e4 c6 2. d4 d5 3. Nc3 dxe4 4. Nxe4 Nf6 5. Nxf6+ gxf6 6. c3 Bf5 7. Nf3 Qc7 8.
g3 Nd7 9. Bg2 e6 10. O-O O-O-O 11. Nh4 Bg6 12. Qe2 Bd6 13. b4 Rhe8 14. a4 e5
15. d5 c5 16. Be3 f5 17. Bh3 f4 18. Bxc5 Bxc5 19. bxc5 Qxc5 20. Nxg6 hxg6 21.
Qb5 f5 22. Rfb1 Qxb5 23. axb5 f3 24. c4 Nc5 25. Rxa7 Kc7 1/2-1/2

[Event "Championnat de Paris Open A"]
[Site "Paris"]
[Date "2012.07.11"]
[Round "5.86"]
[White "Claisse, Patrick"]
[Black "Djordjevic, Vladimir"]
[Result "0-1"]
[WhiteElo "1879"]
[BlackElo "1942"]
[PlyCount "130"]
[EventDate "2012.??.??"]

1. e4 e6 2. d4 d5 3. Nd2 Nf6 4. Bd3 c5 5. c3 Nc6 6. e5 Nd7 7. Ne2 Qb6 8. Nf3
cxd4 9. cxd4 f6 10. Nf4 Bb4+ 11. Kf1 O-O 12. Nxe6 Re8 13. Nf4 fxe5 14. Nxd5 Qa5
15. Nxb4 Qxb4 16. a3 Qf8 17. Ng5 Nf6 18. Bc4+ Kh8 19. Nf7+ Kg8 20. Nxe5+ Be6
21. Bxe6+ Rxe6 22. Nxc6 bxc6 23. Be3 Rae8 24. Qf3 Qd6 25. g3 Nd5 26. Bd2 Rf8
27. Qd3 Ref6 28. Be3 Rf3 29. Ke2 Qe6 30. Rhf1 Qg4 31. Kd2 Qh3 32. Rfe1 Rb8 33.
b4 a5 34. Qa6 axb4 35. Qxc6 Qf5 36. axb4 Nxb4 37. Qc4+ Kh8 38. Reb1 Rxf2+ 39.
Bxf2 Qxf2+ 40. Qe2 Qxd4+ 41. Ke1 Qg1+ 42. Kd2 Rd8+ 43. Kc3 Qc5+ 44. Kb3 Nd3 45.
Ra3 Rb8+ 46. Ka2 Qc4+ 47. Ka1 Qd4+ 48. Ka2 Nb4+ 49. Rxb4 Qxb4 50. Qc2 {=} 50...
Rd8 51. Ra4 Qe1 52. Rc4 h6 53. Rc8 Qe6+ 54. Rc4 Rc8 55. Kb3 Qb6+ 56. Kc3 Qe3+
57. Kb2 Rb8+ 58. Ka2 Qe6 59. Ka3 Qa6+ 60. Ra4 Qd6+ 61. Ka2 Qd5+ 62. Ka3 {=}
62... Qf3+ 63. Ka2 Re8 64. Rc4 Qe2 65. Rc8 Qa6+ 0-1

[Event "Championnat de Paris Open A"]
[Site "Paris"]
[Date "2012.07.11"]
[Round "5.87"]
[White "Forget, Cyril"]
[Black "Kvashyna, Tetyana"]
[Result "0-1"]
[WhiteElo "1935"]
[BlackElo "1875"]
[PlyCount "60"]
[EventDate "2012.??.??"]

1. e4 e5 2. Nf3 Nc6 3. Bb5 a6 4. Ba4 Nf6 5. O-O Be7 6. Re1 b5 7. Bb3 d6 8. c3
O-O 9. h3 Na5 10. Bc2 c5 11. d4 Qc7 12. Nbd2 Nc6 13. Nf1 cxd4 14. cxd4 exd4 15.
Nxd4 Nxd4 16. Qxd4 Qxc2 17. b3 Qc5 18. Qd3 Bb7 19. Ng3 Rfe8 20. Bb2 Rac8 21.
Rac1 Qg5 22. Rcd1 Qg6 23. Kh2 Nh5 24. Nf1 Nf4 25. Qf3 Bf6 26. Bxf6 Qxf6 27. Rd2
Qe5 28. Ng3 d5 29. Qg4 h5 30. Qd1 h4 0-1

[Event "Championnat de Paris Open A"]
[Site "Paris"]
[Date "2012.07.11"]
[Round "5.89"]
[White "Malara, Franck"]
[Black "Walheim, Pascal"]
[Result "1-0"]
[WhiteElo "1861"]
[BlackElo "1926"]
[PlyCount "87"]
[EventDate "2012.??.??"]

1. e4 c5 2. Nf3 d6 3. Bb5+ Nd7 4. O-O Ngf6 5. Re1 e5 6. c3 a6 7. Bf1 Be7 8. d4
Qc7 9. h3 O-O 10. a4 Re8 11. d5 h6 12. Nbd2 Nh7 13. Nc4 Nb6 14. Ne3 a5 15. Bb5
Rf8 16. Nf5 Qd8 17. c4 Bxf5 18. exf5 Bg5 19. Ra3 Bxc1 20. Qxc1 Rb8 21. Nh2 Na8
22. Rg3 Kh8 23. Ng4 Rg8 24. Ne3 Nc7 25. Qd2 Nxb5 26. cxb5 Nf6 27. Nc4 b6 28.
Rge3 Nh7 29. f4 f6 30. Rg3 Qd7 31. fxe5 dxe5 32. Rxe5 Ng5 33. Re6 Rgd8 34. Rd3
Nxe6 35. fxe6 Qe8 36. Qe3 Rb7 37. d6 Kg8 38. Qe4 Rbb8 39. Qd5 Kh8 40. Re3 Kh7
41. Qc6 Rdc8 42. Qe4+ Qg6 43. Qxg6+ Kxg6 44. d7 1-0

[Event "Championnat de Paris Open A"]
[Site "Paris"]
[Date "2012.07.11"]
[Round "5.90"]
[White "Meslage, Jean"]
[Black "Marcelin, Philippe"]
[Result "1/2-1/2"]
[WhiteElo "1924"]
[BlackElo "1851"]
[PlyCount "54"]
[EventDate "2012.??.??"]

1. Nf3 g6 2. g3 Bg7 3. Bg2 Nf6 4. O-O O-O 5. d4 d6 6. c4 Nc6 7. Nc3 e5 8. d5
Ne7 9. e4 h6 10. h3 Ne8 11. Be3 f5 12. Qd2 Nf6 13. Bxh6 fxe4 14. Nh4 Nf5 15.
Bg5 e3 16. Qd3 exf2+ 17. Rxf2 Nxh4 18. Bxh4 Bf5 19. Qf1 Qd7 20. Bxf6 Bxf6 21.
Ne4 Bxe4 22. Bxe4 Bg5 23. Kg2 Be3 24. Rf3 Bd4 25. Qe2 Rxf3 26. Bxf3 Rf8 27. Rf1
Qf5 1/2-1/2

[Event "Championnat de Paris Open A"]
[Site "Paris"]
[Date "2012.07.11"]
[Round "5.91"]
[White "Hirschmann, Georges"]
[Black "Filandre, Alain"]
[Result "0-1"]
[WhiteElo "1841"]
[BlackElo "1919"]
[PlyCount "54"]
[EventDate "2012.??.??"]

1. d4 Nf6 2. Nf3 c5 3. c4 d6 4. g3 cxd4 5. Nxd4 g6 6. Bg2 Bg7 7. O-O O-O 8. Nc3
Nbd7 9. b3 Qb6 10. Bb2 Nc5 11. h3 a6 12. Re1 Ne6 13. Na4 Qc7 14. Rc1 Rb8 15.
Nxe6 Bxe6 16. Bd4 b6 17. Qd2 Nd7 18. Bxg7 Kxg7 19. Bd5 Bxh3 20. Qd4+ Nf6 21. f3
Bd7 22. Kg2 Bxa4 23. bxa4 Qc5 24. Qh4 Qe3 25. f4 Nxd5 26. cxd5 Rfc8 27. Rcd1
Rc2 0-1

[Event "Championnat de Paris Open A"]
[Site "Paris"]
[Date "2012.07.11"]
[Round "5.92"]
[White "Conq, Alain"]
[Black "Probert, Luc"]
[Result "0-1"]
[WhiteElo "1850"]
[BlackElo "1919"]
[PlyCount "90"]
[EventDate "2012.??.??"]

1. d4 Nf6 2. c4 e6 3. Nc3 Bb4 4. e3 b6 5. Nf3 Bb7 6. Bd3 Ne4 7. Bxe4 Bxe4 8.
O-O Bb7 9. Ne5 Bxc3 10. bxc3 O-O 11. Ba3 d6 12. Nd3 c5 13. Qb3 Ba6 14. Rfd1 Qc8
15. Rac1 Nc6 16. Qa4 Bb7 17. d5 Na5 18. e4 e5 19. Rf1 Ba6 20. Nb2 Qe8 21. Qc2
Bxc4 22. Nxc4 Nxc4 23. Bb2 b5 24. Ba1 Qd7 25. Qd3 f5 26. f3 f4 27. a4 a6 28.
Rb1 Rfb8 29. Rf2 Rb7 30. Bb2 Rab8 31. Bc1 Na5 32. axb5 axb5 33. g3 g5 34. gxf4
gxf4 35. Rg2+ Kh8 36. Bd2 Nc4 37. Be1 Rg8 38. Bh4 Rxg2+ 39. Kxg2 Ra7 40. Kh1
Kg7 41. Rg1+ Kf7 42. Bf2 Qh3 43. Qe2 Ra3 44. Be1 Ne3 45. Bf2 Ra2 0-1

[Event "Championnat de Paris Open A"]
[Site "Paris"]
[Date "2012.07.11"]
[Round "5.93"]
[White "Seme, Christian"]
[Black "Redjem, Mohamed"]
[Result "0-1"]
[WhiteElo "1835"]
[BlackElo "1874"]
[PlyCount "100"]
[EventDate "2012.??.??"]

1. e4 e5 2. Nf3 Nc6 3. Bc4 Bc5 4. c3 Nf6 5. d3 d6 6. O-O a6 7. b4 Ba7 8. Bb3
Qe7 9. h3 Bd7 10. Re1 h6 11. Nbd2 O-O 12. Nf1 Be6 13. Bc2 Qd8 14. Ng3 Kh7 15.
Be3 Ne7 16. Nh4 Neg8 17. Nhf5 g6 18. Bxa7 Rxa7 19. Ne3 b5 20. Rf1 c5 21. a3 Qb6
22. Kh2 Rc7 23. Bb3 Bxb3 24. Qxb3 Ne7 25. c4 Nc6 26. bxc5 dxc5 27. Nd5 Nxd5 28.
exd5 Nd4 29. Qb2 Qd6 30. Ne4 Qd8 31. f4 f5 32. Nc3 exf4 33. Ne2 Nxe2 34. Qxe2
Re8 35. Qd2 g5 36. Rae1 Rce7 37. Rxe7+ Qxe7 38. Qa5 bxc4 39. dxc4 Qe2 40. Qc7+
Qe7 41. Qc6 Qe2 42. Rb1 Re7 43. Rb6 Qh5 44. Qxc5 Rf7 45. Rb2 g4 46. Qg1 g3+ 47.
Kh1 f3 48. Qf1 f2 49. Re2 Rb7 50. d6 Qxe2 0-1

[Event "Championnat de Paris Open A"]
[Site "Paris"]
[Date "2012.07.11"]
[Round "5.94"]
[White "Schreiner, Richard"]
[Black "Chen, Mingson"]
[Result "1-0"]
[WhiteElo "1806"]
[BlackElo "1866"]
[PlyCount "129"]
[EventDate "2012.??.??"]

1. d4 e6 2. e3 c5 3. c3 b6 4. Bd3 Bb7 5. Nf3 Nf6 6. Nbd2 Be7 7. O-O cxd4 8.
exd4 O-O 9. Qe2 d6 10. Ne4 Nbd7 11. Bf4 Qc7 12. Nxf6+ Nxf6 13. Rfe1 Rfe8 14.
Ng5 Bf8 15. Ne4 Nxe4 16. Bxe4 Rac8 17. Qd3 Bxe4 18. Qxe4 Qd8 19. Rad1 Qf6 20.
Rd3 Qg6 21. Qf3 Qf5 22. Qg3 Qh5 23. Rd2 Qd5 24. a3 Be7 25. Qd3 h6 26. Qa6 Bg5
27. Bxg5 Qxg5 28. Rd3 Rc7 29. Qa4 Rec8 30. Qd1 Qb5 31. Qd2 Kf8 32. Rf3 Rd7 33.
Rxe6 Qd5 34. Re2 Re8 35. Rxe8+ Kxe8 36. Re3+ Re7 37. h3 Re6 38. Rg3 g5 39. Re3
Kd7 40. Rxe6 fxe6 41. Qc2 a5 42. Qh7+ Kc6 43. Qc2 Kb5 44. b3 Kc6 45. f3 b5 46.
Qe4 e5 47. dxe5 Qxe4 48. fxe4 d5 49. exd5+ Kxd5 50. Kf2 Kxe5 51. Ke3 Kd5 52.
Kd3 h5 53. g3 h4 54. gxh4 gxh4 55. c4+ bxc4+ 56. bxc4+ Ke5 57. a4 Kf4 58. c5
Kg3 59. c6 Kxh3 60. c7 Kg2 61. c8=Q h3 62. Qg4+ Kh2 63. Ke2 Kh1 64. Kf2 h2 65.
Qg2# 1-0

[Event "Championnat de Paris Open A"]
[Site "Paris"]
[Date "2012.07.11"]
[Round "5.95"]
[White "Lao, Lenath"]
[Black "Ferre, Sebastien"]
[Result "1-0"]
[WhiteElo "1826"]
[BlackElo "1858"]
[PlyCount "97"]
[EventDate "2012.??.??"]

1. d4 d5 2. Nf3 Nf6 3. c4 c6 4. cxd5 cxd5 5. Nc3 Nc6 6. g3 e6 7. Bg2 Be7 8. O-O
O-O 9. Bf4 a6 10. Rc1 Nh5 11. Be3 f5 12. Qd2 Bd7 13. Rfd1 Be8 14. Ng5 Bf7 15.
Na4 h6 16. Nxf7 Kxf7 17. Nc5 Bxc5 18. Rxc5 Nf6 19. Rdc1 Nd7 20. R5c2 Kg8 21. h4
Qf6 22. Rd1 Rac8 23. Bf4 Ne7 24. Bd6 Rxc2 25. Qxc2 Rc8 26. Qd2 Nc6 27. e3 Qd8
28. Rc1 Nf6 29. Bc5 b6 30. Ba3 Na5 31. b3 Ne4 32. Bxe4 fxe4 33. Rc3 Nb7 34. Qc1
Rxc3 35. Qxc3 Kf7 {=} 36. Kg2 Na5 37. Bb4 Nb7 38. Qc6 Na5 39. Bxa5 bxa5 40.
Qb7+ Kf6 41. Qxa6 Qc7 42. Qb5 Qc3 43. Qe8 Qb2 44. h5 Qxa2 45. Qg6+ Ke7 46.
Qxg7+ Kd6 47. Qxh6 Qxb3 48. Qf8+ Kc6 49. h6 1-0

[Event "Championnat de Paris Open A"]
[Site "Paris"]
[Date "2012.07.11"]
[Round "5.96"]
[White "Bourached, Anthony"]
[Black "Marin, Emmanuel"]
[Result "1/2-1/2"]
[WhiteElo "1848"]
[BlackElo "1838"]
[PlyCount "54"]
[EventDate "2012.??.??"]

1. d4 d5 2. c4 Nc6 3. Nf3 Bg4 4. e3 e5 5. Be2 e4 6. Nfd2 Bxe2 7. Qxe2 f5 8. a3
Nf6 9. Nc3 Be7 10. b4 Nb8 11. cxd5 Nxd5 12. Qb5+ c6 13. Qc4 Nxc3 14. Qxc3 O-O
15. O-O Nd7 16. Bb2 Nf6 17. f4 Nd5 18. Qb3 Kh8 19. Nc4 Bf6 20. Rac1 g5 21. a4
gxf4 22. exf4 Qe7 23. b5 Qb4 24. Qxb4 Nxb4 25. Ne5 Bxe5 26. dxe5 Nd3 27. Rc2
Nxb2 {=} 1/2-1/2

[Event "Championnat de Paris Open A"]
[Site "Paris"]
[Date "2012.07.11"]
[Round "5.97"]
[White "Komons, Christian"]
[Black "Aron-Samuel, Emmanuel"]
[Result "1/2-1/2"]
[WhiteElo "1846"]
[BlackElo "1842"]
[PlyCount "170"]
[EventDate "2012.??.??"]

1. e4 c6 2. g3 d5 3. exd5 Qxd5 4. Qf3 Nf6 5. Nc3 Qxf3 6. Nxf3 Bf5 7. d3 h6 8.
Bg2 e6 9. O-O Nbd7 10. Re1 O-O-O 11. Be3 Kb8 12. Bf4+ Kc8 13. Be3 Kb8 14. Bf4+
Ka8 15. Nd4 Rc8 16. Nxf5 exf5 17. a3 Nh5 18. Bd2 Bd6 19. Re2 f4 20. Bh3 Rcd8
21. Rae1 fxg3 22. fxg3 Nhf6 23. Ne4 Nxe4 24. Rxe4 Nf6 25. R4e2 Kb8 26. Ba5 Rde8
27. Rxe8+ Rxe8 28. Rxe8+ Nxe8 29. Bc3 Kc7 30. Kg2 Kb6 31. Kf3 Bc5 32. Bd7 Nf6
33. Bxf6 gxf6 34. Be8 Bd4 35. c3 Bg1 36. h3 Kc7 37. Bxf7 Kd6 38. Ke4 Ke7 39.
Bg6 Bf2 40. g4 Be1 41. Bf5 Kd8 42. a4 Bd2 43. c4 Bg5 44. b3 Bh4 45. d4 Kc7 46.
Bg6 a5 47. Bf5 Bg5 48. Be6 Bh4 49. Kf5 Kd6 50. Bc8 Kc7 51. Be6 Kd6 52. Bc8 Kc7
53. Be6 Kd6 54. Bf7 Bg5 55. Kg6 Ke7 56. d5 Kd6 57. dxc6 Kxc6 58. Bd5+ Kb6 59.
Kh5 Kc7 60. h4 Be3 61. Kg6 Bf2 62. h5 Be3 63. Kxf6 b6 64. Ke6 Bg5 65. Be4 Bd2
66. Kd5 Be3 67. Bd3 Bg5 68. c5 Be7 69. c6 Bg5 70. Be4 Bd2 71. Kc4 Kd6 72. Kb5
Kc7 73. Ka6 Be3 74. Kb5 Bd2 75. Bf3 Be3 76. b4 axb4 77. Kxb4 Bd2+ 78. Kb5 Be3
79. Ka6 Bd2 80. Be4 Be3 81. Kb5 Bd2 82. Bf3 Be3 83. a5 bxa5 84. Kxa5 Bd2+ 85.
Kb5 Be3 1/2-1/2

[Event "Championnat de Paris Open A"]
[Site "Paris"]
[Date "2012.07.11"]
[Round "5.98"]
[White "Nossein, Francis"]
[Black "Ignjatovic, Miroslav"]
[Result "0-1"]
[WhiteElo "1816"]
[BlackElo "1844"]
[PlyCount "172"]
[EventDate "2012.??.??"]

1. c4 Nf6 2. Nc3 e6 3. e4 d5 4. e5 Ne4 5. cxd5 exd5 6. Nxe4 dxe4 7. Qa4+ Nc6 8.
Qxe4 Qd4 9. Qxd4 Nxd4 10. Bd3 Be6 11. Ne2 Nxe2 12. Bxe2 Bd5 13. O-O Bc5 14. Re1
O-O 15. Kf1 Bd4 16. d3 Bxe5 17. Bf3 Bxf3 18. Rxe5 Bc6 19. Bf4 Rfd8 20. Re3 Rd7
21. Rae1 Kf8 22. Be5 Bb5 23. Bc3 Rxd3 24. Bb4+ Kg8 25. Re5 Rd5+ 26. Kg1 Rxe5
27. Rxe5 Rd8 28. f3 Bd3 29. Re7 Rc8 30. Kf2 b6 31. Rd7 Bf5 32. Rd5 Be6 33. Rd3
a5 34. Bd2 Bxa2 35. Bf4 Kf8 36. Rd7 c6 37. Bd6+ Ke8 38. Re7+ Kd8 39. Rb7 b5 40.
Bc5 a4 41. Ke3 Bd5 42. Kd4 Ra8 43. Ke5 g6 44. Kd6 Rc8 45. Re7 Rb8 46. Ba7 Ra8
47. Bb6+ Kc8 48. Ba7 h6 49. f4 b4 50. Rc7+ Kd8 51. g4 a3 52. bxa3 bxa3 53. Bb6
Ke8 54. Bd4 a2 55. Ba1 Rd8+ 56. Kc5 Rd7 57. Rc8+ Ke7 58. g5 hxg5 59. fxg5 Ke6
60. Ra8 Kf5 61. Bf6 Ke4 62. Ra3 Rb7 63. h4 Rb5+ 64. Kd6 Rb1 65. Bg7 Rh1 66. Bf6
Rf1 67. Bg7 Rf3 68. Ra4+ Kd3 69. Kc5 Kc2 70. Be5 Kb1 71. Ra7 Rb3 72. Bf6 Rb5+
73. Kd6 Rb4 74. h5 gxh5 75. Be5 h4 76. Ke7 h3 77. g6 fxg6 78. Kf6 h2 79. Bxh2
a1=Q+ 80. Rxa1+ Kxa1 81. Be5+ Kb1 82. Kxg6 Re4 83. Kf5 Rxe5+ 84. Kxe5 Kc2 85.
Kd4 Kd2 86. Kc5 Kc3 0-1

[Event "Championnat de Paris Open A"]
[Site "Paris"]
[Date "2012.07.12"]
[Round "6.1"]
[White "Ustianovich, Nazar"]
[Black "Ribeiro, Romain"]
[Result "1-0"]
[WhiteElo "2197"]
[BlackElo "2204"]
[PlyCount "71"]
[EventDate "2012.??.??"]

1. Nf3 e6 2. c4 Nf6 3. g3 d5 4. d4 dxc4 5. Bg2 c6 6. O-O Be7 7. Ne5 Nbd7 8.
Nxc4 O-O 9. Nc3 Nb6 10. Ne5 Qc7 11. Bf4 Bd6 12. Rc1 a6 13. e4 Rd8 14. Qe2 Nfd7
15. Nxd7 Qxd7 16. Be3 Qe7 17. e5 Bc7 18. Qg4 Kh8 19. Qh5 f5 20. exf6 gxf6 21.
Rfe1 Nd5 22. Bd2 Nxc3 23. Bxc3 Bd7 24. Qh4 Be8 25. Re3 Rd7 26. Rce1 Bf7 27. Bh3
Re8 28. d5 Be5 29. dxe6 Bxe6 30. Bxe5 fxe5 31. Qxe7 Rexe7 32. Rxe5 Bxh3 33.
Rxe7 c5 34. Rxd7 Bxd7 35. Rc1 b6 36. Rd1 1-0

[Event "Championnat de Paris Open A"]
[Site "Paris"]
[Date "2012.07.12"]
[Round "6.3"]
[White "Toulzac, Pierre-Yves"]
[Black "Pluyaud, Benoit"]
[Result "1-0"]
[WhiteElo "2273"]
[BlackElo "2150"]
[PlyCount "79"]
[EventDate "2012.??.??"]

1. d4 Nf6 2. c4 e6 3. Nf3 Bb4+ 4. Bd2 Qe7 5. g3 b6 6. Bg2 Bb7 7. O-O Bxd2 8.
Nbxd2 O-O 9. Qc2 d6 10. b4 a5 11. a3 Nbd7 12. Rfc1 e5 13. e3 c5 14. bxc5 dxc5
15. dxe5 Nxe5 16. Rab1 Nxf3+ 17. Bxf3 Rad8 18. Bxb7 Qxb7 19. Rb2 Rd6 20. Qf5
Rfd8 21. Nf1 Qe7 22. Rcb1 g6 23. Qc2 Qe6 24. f3 Nd7 25. f4 Nf6 26. Qg2 Ne4 27.
Rc2 {=} 27... Rd3 28. g4 R8d6 29. f5 Qe5 30. Rcb2 Rxa3 31. Rxb6 Rxb6 32. Rxb6
Ra1 33. Ra6 Rd1 34. f6 Nxf6 35. Qf3 Kg7 36. Qxd1 Ne4 37. Qd5 Qe7 38. Rxa5 f5
39. Rb5 Qh4 40. Qe5+ 1-0

[Event "Championnat de Paris Open A"]
[Site "Paris"]
[Date "2012.07.12"]
[Round "6.4"]
[White "Rabineau, Clement"]
[Black "Eden, James"]
[Result "1-0"]
[WhiteElo "2270"]
[BlackElo "2129"]
[PlyCount "93"]
[EventDate "2012.??.??"]

1. d4 Nf6 2. c4 g6 3. f3 Bg7 4. e4 d6 5. Nc3 O-O 6. Bg5 c5 7. d5 h6 8. Be3 Nbd7
9. Qd2 Kh7 10. Nh3 a6 11. a4 Qa5 12. Nf2 Ne5 13. Be2 Qb4 14. a5 Bd7 15. Na4
Qxd2+ 16. Bxd2 Be8 17. f4 Ned7 18. Bc3 Nh5 19. Nd3 Bxc3+ 20. bxc3 b5 21. axb6
Rb8 22. Bxh5 gxh5 23. Rb1 Nf6 24. Naxc5 dxc5 25. Nxc5 Nd7 26. Nxd7 Bxd7 27. b7
e6 28. Kd2 exd5 29. cxd5 Rfe8 30. Rhe1 Bb5 31. Rb4 Rxb7 32. c4 Bc6 33. Rxb7
Bxb7 34. Kd3 Kg7 35. Kd4 Kf6 36. e5+ Ke7 37. Rb1 Bc8 38. c5 Rd8 39. c6 Be6 40.
d6+ Ke8 41. Rb7 Bc8 42. Re7+ Kf8 43. Kc5 Bf5 44. Ra7 Ke8 45. Rxa6 h4 46. Ra7 h5
47. d7+ 1-0

[Event "Championnat de Paris Open A"]
[Site "Paris"]
[Date "2012.07.12"]
[Round "6.5"]
[White "Sochacki, Wojtek"]
[Black "Leclercq, Benoit"]
[Result "1-0"]
[WhiteElo "2263"]
[BlackElo "2123"]
[PlyCount "105"]
[EventDate "2012.??.??"]

1. e4 c5 2. Nc3 d6 3. Nge2 Nc6 4. d4 cxd4 5. Nxd4 g6 6. Be3 Bg7 7. Bc4 Nf6 8.
f3 O-O 9. Qd2 a6 10. Bb3 Nxd4 11. Bxd4 Be6 12. g4 Nd7 13. Bxg7 Kxg7 14. O-O-O
Ne5 15. Qd4 Bxb3 16. cxb3 f6 17. Rhf1 Rc8 18. Kb1 Qa5 19. Nd5 Nc6 20. Qe3 Nb4 {
=} 21. a3 Nxd5 22. exd5 Rf7 23. Rd4 Rc5 24. Rfd1 Qc7 25. Qe2 Qd7 26. h4 f5 27.
h5 gxh5 28. gxh5 f4 29. h6+ Kf8 30. b4 Qf5+ 31. Re4 Rxd5 32. Rc1 Rd4 33. Ka1 e5
34. Rxd4 exd4 35. Qf2 d3 36. Qb6 Re7 37. Qxd6 Kf7 38. Rg1 Qe5 39. Qxd3 Kf6 40.
Qd8 Qe3 41. Qd6+ Kf5 42. Qd5+ Kf6 43. Qg8 Rf7 44. Qg4 Ke5 45. Qh5+ Ke6 46. Rd1
Re7 47. Qg4+ Ke5 48. Qg5+ Ke6 49. Qg8+ Ke5 50. Rd5+ Kf6 51. Qg5+ Kf7 52. Qh5+
Kf8 53. Rf5+ 1-0

[Event "Championnat de Paris Open A"]
[Site "Paris"]
[Date "2012.07.12"]
[Round "6.6"]
[White "Pruvot, Louis"]
[Black "Rene, Benoit"]
[Result "1/2-1/2"]
[WhiteElo "2100"]
[BlackElo "2262"]
[PlyCount "82"]
[EventDate "2012.??.??"]

1. d4 d6 2. Nf3 f5 3. g3 Nf6 4. Bg2 g6 5. O-O Bg7 6. Nbd2 O-O 7. Re1 Ne4 8. c3
d5 9. Nb3 e6 10. Bf4 a5 11. Nc1 Nc6 12. Nd3 a4 13. Qc2 g5 14. Be5 Nxe5 15.
Nfxe5 c6 16. e3 Nd6 {=} 17. f4 Nf7 18. b3 Nxe5 19. Nxe5 Bxe5 20. dxe5 gxf4 21.
exf4 axb3 22. axb3 Bd7 23. c4 Qb6+ 24. Kh1 Ra5 25. Qc3 Rfa8 26. c5 Qa7 27. Rxa5
Qxa5 28. Qxa5 Rxa5 29. b4 Ra4 30. Rb1 Kf7 31. Bf1 Ke7 32. Rb2 Be8 33. Kg2 Kd8
34. Kf2 Kc7 35. Ke3 b6 36. Kd4 bxc5+ 37. Kxc5 Ra1 38. Be2 Rc1+ 39. Kd4 Ra1 40.
Kc5 Rc1+ 41. Kd4 Ra1 1/2-1/2

[Event "Championnat de Paris Open A"]
[Site "Paris"]
[Date "2012.07.12"]
[Round "6.7"]
[White "Guiot, Jerome"]
[Black "Manoeuvre, Antoine"]
[Result "0-1"]
[WhiteElo "2110"]
[BlackElo "2247"]
[PlyCount "66"]
[EventDate "2012.??.??"]

1. e4 c6 2. d4 d5 3. exd5 cxd5 4. Bd3 Nf6 5. Nf3 g6 6. Bf4 Nh5 7. Be5 f6 8. Bg3
Bg7 9. O-O O-O 10. Re1 Nc6 11. c3 Nxg3 12. hxg3 e5 13. Bf1 Kh8 14. Na3 e4 15.
Nh2 f5 16. Qd2 Be6 17. Nc2 Qf6 18. f4 Bh6 19. Bb5 g5 20. Rf1 Rg8 21. Rf2 gxf4
22. gxf4 Ne7 23. Nf1 Ng6 24. g3 Rg7 25. Ne1 Rag8 26. Ng2 Rf7 27. Re1 Bf8 28.
Re3 h5 29. Be8 Rfg7 30. Qe2 Rh7 31. Nd2 Be7 32. Bxg6 Qxg6 33. c4 Bf6 0-1

[Event "Championnat de Paris Open A"]
[Site "Paris"]
[Date "2012.07.12"]
[Round "6.8"]
[White "Pozdnjakov, Viatcheslav"]
[Black "Bouton, Christophe"]
[Result "0-1"]
[WhiteElo "2242"]
[BlackElo "2092"]
[PlyCount "56"]
[EventDate "2012.??.??"]

1. d4 Nf6 2. Nf3 e6 3. Nbd2 c5 4. c3 b6 5. e4 cxd4 6. cxd4 Bb4 7. Bd3 Ba6 8.
Bxa6 Nxa6 9. Qe2 Nb8 10. O-O O-O 11. a3 Be7 12. b4 Nc6 13. Rd1 d5 14. e5 Nh5
15. Nb3 g6 16. Rd3 Re8 17. g4 Ng7 18. Bh6 Rc8 19. Rc1 Qd7 20. Ng5 f6 21. exf6
Bxf6 22. b5 Nxd4 23. Qd1 Rxc1 24. Nxc1 Rc8 25. Nb3 Nxb3 26. Qxb3 Qc7 27. Nxe6
Nxe6 28. Qxd5 Qc4 0-1